| 000 | 00348nam a2200133Ia 4500 | ||
|---|---|---|---|
| 008 | 230312s9999||||xx |||||||||||||| ||und|| | ||
| 082 |
_a005 _bHAN |
||
| 245 | 0 | _aHand - On Training for IT Professionals | |
| 260 | _bLearning Tree | ||
| 300 | _a178 | ||
| 546 | _aEng. | ||
| 650 |
_aComputer _vHand on Courses , PC Support , Client Server |
||
| 942 | _cBK | ||
| 999 |
_c3552 _d3552 |
||